Normal view
MARC view
- Schneiderman, Ron
Entry Personal Name
001 - CONTROL NUMBER
- control field: 107515
003 - CONTROL NUMBER IDENTIFIER
- control field: NUST
005 - DATE AND TIME OF LATEST TRANSACTION
- control field: 20230124102351.0
008 - FIXED-LENGTH DATA ELEMENTS
- fixed length control field: 230124|| aca||aabn | a|a d
040 ## - CATALOGING SOURCE
- Original cataloging agency: NUST
- Transcribing agency: NUST
100 ## - HEADING--PERSONAL NAME
- Personal name: Schneiderman, Ron
670 ## - SOURCE DATA FOUND
- Source citation: Work cat.: (NUST)185893: Schneiderman, Ron., The mobile technology question and answer book :, c2002.
